000
00310nam a22001337a 4500
020
_a
81-261-1242-5
082
_a
574
_b
SUN/B
100
_a
S.SUNDARA RAJAN
245
_a
BIOLOGY QUESTION BANK
260
_a
DELHI
_b
ANMOL PUBLICATIONS
_c
2002
300
_a
432
650
_a
BIOLOGY FOR CLASS XII
_z
INDIA
942
_c
BK
999
_c
727
_d
727